000 00462nam a2200181Ia 4500
001 20402
005 20260306172803.0
008 260306t2012||||xx |||||||||||||| ||spa||
041 _aESP
082 _a343.2C13
_bM84
100 _aMontoya Chávez, Víctorhugo
_eAUT
245 0 _aLa Constitución de 1993 en la jurisprudencia del Tribunal Constitucional
260 _c2012
300 _a
_c
650 _aGEN
654 _aCDE
942 _cLIB
_dJUS
_fJUS
_2ddc
_n
999 _c20402
_d20402